Életem legszomorúbb napjai. (Naplótöredéekek)
Elmentve itt :
| Szerző: | |
|---|---|
| Adatforrás: | Meister |
| Forrásdokumentuma: | Helikon. - 11 sz., 1992, 6-8 p. |
| Nyelv: | magyar |
| Kulcsszavak: | oral-history Erdély, 1848 Erdély GÖRGEY Artúr ARANY János SZEMERE Bertalan KOSSUTH Lajos DEMBINSZKY Henrik CSÁNYI László |
| LEADER | 00576nab a2200217 i 4500 | ||
|---|---|---|---|
| 001 | bibPRO00009448 | ||
| 008 | 060524s1992 xx hun | ||
| 040 | |a Sz1 | ||
| 041 | |a hun | ||
| 100 | 1 | |a JÓKAI Mór | |
| 245 | 1 | 0 | |a Életem legszomorúbb napjai. (Naplótöredéekek) |c JÓKAI Mór |
| 695 | |a oral-history | ||
| 695 | |a Erdély, 1848 | ||
| 695 | |a Erdély | ||
| 695 | |a GÖRGEY Artúr | ||
| 695 | |a ARANY János | ||
| 695 | |a SZEMERE Bertalan | ||
| 695 | |a KOSSUTH Lajos | ||
| 695 | |a DEMBINSZKY Henrik | ||
| 695 | |a CSÁNYI László | ||
| 773 | 0 | |t Helikon. - |g 11 sz., 1992, 6-8 p. | |